| 000 | 00607nam a2200205Ia 4500 | ||
|---|---|---|---|
| 003 | GCL | ||
| 008 | 140319s9999 xx 000 0 ara d | ||
| 040 |
_aGCL / _cGCL |
||
| 082 | 0 | 4 |
_a792.9 _bا م |
| 100 | 1 | _aاينزن، كريستوفر | |
| 245 | 1 | 0 |
_aالمسرح الطليعى / _cاينزن، كريستوفر |
| 700 | 1 | _aسامح فكرى (مترجم) | |
| 260 |
_a[S.N] : _bوزارة الثقافة ، _c1996 |
||
| 300 | _a496 ص | ||
| 490 | _a | ||
| 650 | 0 | 4 | _aالمسرح |
| 650 | 0 | 4 | _aالمسرح التجريبى |
| 650 | 0 | 4 | _aالمسرحيات التجريبية |
| 942 |
_2ddc _cBK |
||
| 999 |
_c32989 _d32989 |
||